000 00729nam a22001937a 4500
005 20251108165431.0
008 250721s1996 xx 000 0 ara d
082 1 4 _aم/213.4/نوو
100 1 _aالنووي، أبو زكريا يحيى بن شرف
245 1 0 _aالمنهاج في شرح صحيح مسلم بن الحجاج المسمى إختصار شرح صحيح مسلم /
250 _aط3
264 1 _aبيروت :
_bدار الخير،
_c1996.
300 _a18ج في6مج.
650 1 7 _aالإسلام
650 1 7 _aالحديث الشريف
710 2 _aمجموعه من أساتذة مختصين بإشراف علي عبدالحميد ابوالخير
_eتحقيق
942 _2ddc
_cREF
999 _c27805
_d27805